1134 1810 1767 1356 1375 1247 1074 1921 1451 1601 1564 1484 1901 1590 1058 1528 1651 1416 1295 1883 1195 1682 1861 1854 1578 1027 1010 1368 1868 1466 1422 1118 1332 1489 1305 1297 1502 1772 1582 1674 1080 1301 1213 1002 1627 1005 1463 1121 1658 1422 1984 1465 1699 1848 1862 1440 1224 1032 1411 1517 1503 1087 1647 1761 1819 1268 1903 1287 1969 1883 1658 1772 1064 1318 1839 1514 1357 1307 1810 1308 1251 1429 1309 1756 1852 1107 1962 1390 1683 1502 1543 1863 1617 1904 1238 1054 1789 1644 1200 BCNSPRNW ULIB Ver.6.0+V

เปลี่ยนเป็นภาษาไทย

Change to English
 แสดงรายละเอียดบรรณานุกรม
  กลับหน้าหลัก

Brief Record : Get Marc (ISO 2709) : E-mail record : QR code < ปิดหน้าต่าง
LEADER : 00000nam 2200000 a 4500
001    13399113820
003     ULIB
008    970506s1995 us 000 0 eng d
020    ^a0721658970
060 04 ^aWY100^bA385c
100 1  ^aAlfaro-Lefevre,Rosalinda
245 10 ^aCritical thinking in nursing :^ban interactive approach /
260    ^aPhiladelphia^bW.B.Saunders^c1995
300    ^axxii, 376 p.^bill
650  2 ^aNursing Process
945    ^p0^l0^i030897
995    ^aKesorn
999 ^a ใช้งานได้ทุกระบบ
รายการนี้ยังไม่มีแท็ก
คุณยังไม่ได้ล็อกอิน คุณสามารถมีกิจกรรมร่วมกับเว็บไซต์ได้ แต่ต้องล็อกอินก่อน ::
  ล็อกอิน

รายการสื่อสารสนเทศ

ลำดับที่ ประเภท เลขเรียก/บาร์โค้ด สถานที่ สถานะ
- ไม่พบข้อมูล -

รายการใกล้เคียง
    หัวเรื่อง [Nursing Process]

BibComment


ยังไม่เคยถูกคอมเมนท์

คอมเมนท์ทรัพยากรรายการนี้
  คอมเมนท์: Critical thinkin..


 Copyright 2026. Bcnsprnw @Library